Modelovanie zmeny DPH a prognózovanie spotrebiteľskej ceny

Pomocou zostavených matematických modelov sa autorky pokúsili o odhad makroekonomických ukazovateľov. Pri zmene sadzby dane z pridanej hodnoty prognózovali vývoj spotrebiteľských cien, vývoj objemu DPH a vývoj objemu obchodnej marže. Pri analýze využili tieto premenné: index spotrebiteľských cien, i...

Description complète

Enregistré dans:
Détails bibliographiques
Auteur principal: Hlaváčiková, Jana
Autres auteurs: Kissová, Jana, 1979-
Format: Chapitre de livre
Langue:slovaque
Sujets:
Tags: Ajouter un tag
Pas de tags, Soyez le premier à ajouter un tag!

MARC

LEADER 00000nla a2200000 4500
001 0201650
005 20240502073410.3
041 0 |a slo 
044 |a SK 
245 1 0 |a Modelovanie zmeny DPH a prognózovanie spotrebiteľskej ceny  |c Jana Hlaváčiková, Jana Kissová 
520 |a Pomocou zostavených matematických modelov sa autorky pokúsili o odhad makroekonomických ukazovateľov. Pri zmene sadzby dane z pridanej hodnoty prognózovali vývoj spotrebiteľských cien, vývoj objemu DPH a vývoj objemu obchodnej marže. Pri analýze využili tieto premenné: index spotrebiteľských cien, index objemu DPH a index objemu obchodnej marže. Danej problematike sa podrobnejšie venujú v rámci výskumného projektu, ktorého výsledkom je spracovanie modelov pre rôzne trhové štruktúry (dokonalá konkurencia, monopol). Na základe vykonaných prepočtov a verifikácii indexov zistili, že tvary indexov sú identické pre všetky trhové štruktúry. 
610 2 0 |a ukazovatele makroekonomické 
610 2 0 |a odhady 
610 2 0 |a dane z hodnoty pridanej 
610 2 0 |a sadzby daňové 
610 2 0 |a ceny spotrebiteľské 
610 2 0 |a marža 
610 2 0 |a modely matematické 
610 2 0 |a prognózovanie 
100 1 |a Hlaváčiková, Jana 
700 1 |a Kissová, Jana, 1979-